[Event "Navarra-ch"]
[Site "Pamplona"]
[Date "2017.04.01"]
[Round "3"]
[White "Martinez Zazo, Jesus"]
[Black "Donazar Garayoa, Miguel"]
[Result "1-0"]
[WhiteElo "1789"]
[BlackElo "1688"]
[PlyCount "107"]
[EventDate "2017.03.11"]
[EventType "swiss"]
[EventRounds "7"]
[EventCountry "ESP"]
[SourceTitle "EXT 2018"]
[Source "ChessBase"]
[SourceDate "2017.10.13"]
[SourceVersion "1"]
[SourceVersionDate "2017.10.13"]
[SourceQuality "1"]

1. e4 g6 2. d4 Bg7 3. g3 c6 4. Bg2 d5 5. e5 Nh6 6. Bf4 f6 7. Qd2 Nf7 8. exf6 exf6 9. Nf3 0-0 10. Nc3 Re8+ 11. Be3 Nd7 12. 0-0-0 b5 13. h4 Nd6 14. b3 a5 15. h5 g5 16. Nxg5 fxg5 17. Bxg5 Bf6 18. Bxf6 Qxf6 19. Nxd5 cxd5 20. Bxd5+ Kh8 21. Bxa8 Bb7 22. Bxb7 Nxb7 23. Rhe1 Rg8 24. Qe3 Rg7 25. Qe6 Qg5+ 26. Kb1 Qxh5 27. g4 Qf7 28. Qxf7 Rxf7 29. Re8+ Kg7 30. Ra8 Nf6 31. f3 Nd5 32. Rd3 Nb4 33. Re3 Nd5 34. Re5 Nb6 35. Ra7 Nc8 36. Ra6 Ncd6 37. Re3 b4 38. Kb2 Rf4 39. Re7+ Rf7 40. Rxf7+ Kxf7 41. a3 bxa3+ 42. Kxa3 Kf6 43. c4 Kg5 44. Ra8 Kf4 45. Rf8+ Ke3 46. d5 Kd4 47. f4 Nc5 48. f5 Kc3 49. Rf6 Nde4 50. Rb6 Nd2 51. f6 Nb1+ 52. Ka2 Kc2 53. f7 Nc3+ 54. Ka1 1-0

[Event "Navarra-ch"]
[Site "Pamplona"]
[Date "2014.05.10"]
[Round "5"]
[White "Vazquez Arellano, Julio"]
[Black "Donazar Garayoa, Miguel"]
[Result "0-1"]
[WhiteElo "1636"]
[BlackElo "1723"]
[PlyCount "117"]
[EventDate "2014.03.29"]
[EventType "swiss"]
[EventRounds "8"]
[EventCountry "ESP"]
[SourceTitle "EXT 2016"]
[Source "ChessBase"]
[SourceDate "2015.10.08"]
[SourceVersion "1"]
[SourceVersionDate "2015.10.08"]
[SourceQuality "1"]

1. c4 e6 2. Nc3 d5 3. cxd5 exd5 4. d4 Nf6 5. Bg5 Be7 6. Bxf6 Bxf6 7. Nf3 0-0 8. e3 c6 9. Be2 Re8 10. 0-0 Bf5 11. Bd3 Qd7 12. a3 Qe6 13. Re1 Be4 14. b4 Bxd3 15. Qxd3 Nd7 16. Re2 a5 17. b5 c5 18. Rae1 Qb6 19. Nxd5 Qd6 20. e4 cxd4 21. Nxf6+ Qxf6 22. Qxd4 Qe7 23. Rd1 Rad8 24. Qd6 Kf8 25. e5 Qxd6 26. Rxd6 Ke7 27. Red2 Nxe5 28. R6d4 Nxf3+ 29. gxf3 Rxd4 30. Rxd4 Rc8 31. Kg2 Rc5 32. a4 Ke6 33. Rd8 Rd5 34. Rb8 Rd7 35. b6 Kd6 36. Rc8 h6 37. f4 Re7 38. Rc4 f5 39. Kg3 g6 40. f3 Rd7 41. h4 h5 42. Kh3 Ke6 43. Kg3 Rd6 44. Rc5 Rxb6 45. Rxa5 Kd7 46. Re5 Rb4 47. a5 Kd6 48. Re8 Rb5 49. Rg8 Rxa5 50. Rxg6+ Kc5 51. Rg5 Kc4 52. Rxh5 Rc5 53. Rh8 b5 54. h5 b4 55. h6 Rc7 56. h7 b3 57. Kf2 b2 58. Rb8 Rxh7 59. Rxb2 0-1

[Event "Pamplona Navarra Preferente op"]
[Site "Pamplona"]
[Date "2013.05.11"]
[Round "5"]
[White "Donazar Garayoa, Miguel"]
[Black "Martinez Zazo, Jesus"]
[Result "1/2-1/2"]
[WhiteElo "1734"]
[BlackElo "1853"]
[PlyCount "121"]
[EventDate "2013.04.13"]
[EventType "swiss"]
[EventRounds "7"]
[EventCountry "ESP"]
[SourceTitle "CBM 154 Extra"]
[Source "ChessBase"]
[SourceDate "2013.06.25"]
[SourceVersion "2"]
[SourceVersionDate "2013.06.25"]
[SourceQuality "1"]

1. e4 c6 2. d4 d5 3. Nc3 dxe4 4. Nxe4 Bf5 5. Ng3 Bg6 6. Nf3 e6 7. Bd3 Nf6 8. Qe2 Bd6 9. Ne4 Nxe4 10. Bxe4 Nd7 11. Bxg6 hxg6 12. h3 Qc7 13. Bd2 Bf4 14. Bxf4 Qxf4 15. Qe3 Qf5 16. Qe2 Nf6 17. Ne5 Qg5 18. Qf3 Rd8 19. Rd1 Qf5 20. Qxf5 gxf5 21. 0-0 Ne4 22. Rfe1 Rd6 23. c3 f6 24. Nc4 Rd7 25. Nd2 Nxd2 26. Rxd2 Kf7 27. Rde2 Re8 28. f4 g5 29. fxg5 fxg5 30. Re5 Kf6 31. Kf2 Rd5 32. Rxd5 cxd5 33. Kf3 Rc8 34. Ke3 b5 35. Kd3 Rg8 36. b3 g4 37. hxg4 Rxg4 38. Re2 Rg3+ 39. Kd2 Rg6 40. Ke3 Rg3+ 41. Kd2 f4 42. a4 b4 43. cxb4 Rxb3 44. a5 Rxb4 45. Kc3 Ra4 46. Rf2 Kg5 47. Re2 Ra3+ 48. Kb4 Re3 49. Rc2 Kf5 50. Kc5 Ke4 51. Rb2 Rc3+ 52. Kd6 Kxd4 53. Kxe6 Rc5 54. Rd2+ Ke4 55. Re2+ Kd3 56. Re5 Rxa5 57. Kf5 Rc5 58. Kxf4 a5 59. Re3+ Kc4 60. g4 d4 61. Re1 1/2-1/2